00361nam a2200109Ia 4500008004100000082000800041100002000049245006700069942000600136952009400142999001500236240331s9999 xx 000 0 und d bHER aHerskovits, M.F 0aCulturalanthropology :babridged revision of man and his works cL 001040708LaWERCLbWERCLcSSCd2024-03-31l0o 306 HERp530r2024-03-31w2024-03-31yL c2094d2094